header

The psychology of diversity (Record no. 37873)

MARC details
000 -LEADER
fixed length control field 02357nam a2200373 a 4500
082 04 - DEWEY DECIMAL CLASSIFICATION NUMBER
Classification number 305.8
100 1# - MAIN ENTRY--AUTHOR NAME
Personal name Jones, James M.
245 14 - TITLE STATEMENT
Title The psychology of diversity
260 ## - PUBLICATION, DISTRIBUTION, ETC. (IMPRINT)
Place of publication Chichester ;
-- Malden, Mass. :
Name of publisher Wiley Blackwell,
Year of publication 2014.
300 ## - PHYSICAL DESCRIPTION
Number of Pages xvii, 407 p. :
Other physical details ill.
505 0# - FORMATTED CONTENTS NOTE
Formatted contents note Preface -- Framing diversity -- The psychology of diversity: challenges and benefits -- Central concepts in the psychology of diversity -- Historical perspectives on diversity in the United States -- Psychological processes -- Personality and individual differences : how different types of people respond to diversity in different ways -- Social cognition and categorization : distinguishing "us" from "them" -- Social identity, roles, and relations : motivational influences in responses to diversity -- Is bias in the brain? -- Coping and adapting to stigma and difference -- Intergroup interactions : pitfalls and promises -- Culture, power, and institutions -- Cultural diversity : preferences, meaning and difference -- Social roles and power in a diverse society -- The challenge of diversity for institutions -- The psychology of diversity : principles and prospects -- Glossary -- Index.
650 #0 - SUBJECT ADDED ENTRY--TOPICAL TERM
Topical Term Multiculturalism
Topical Term Prejudices.
Topical Term Stereotypes (Social psychology)
700 1# - ADDED ENTRY--PERSONAL NAME
Personal name Dovidio, John F.
Personal name Vietze, Deborah L.
856 40 - ELECTRONIC LOCATION AND ACCESS
Uniform Resource Identifier http://site.ebrary.com/lib/rucke/Doc?id=10728355

No items available.

© 2026 Rongo University
Contact us: librarian | system librarian | Rongo university